000 00280nam a2200121Ia 4500
005 20251222140036.0
008 251222s1900||||xx |||||||||||||| ||spa||
020 _a8474906784
082 _a232.4/G51
100 _aGiussani, Luigi
245 0 _aEl hombre y su destino:
942 _cLIB
999 _c3131
_d3131